| 000 | 00600nam a2200205 a 4500 | ||
|---|---|---|---|
| 005 | 20140310183224.0 | ||
| 008 | 031218s19uu xx 00 eng d | ||
| 020 | _a076197363X | ||
| 050 |
_aHM 1206 _b.St7415 2003 |
||
| 100 | _aStevenson, Nick | ||
| 245 |
_aUnderstanding media cultures : _bsocial theory and mass communication / _cNick Stevenson. |
||
| 250 | _a2nd ed. | ||
| 260 |
_aLondon : _bSage Pub., _c2002. |
||
| 300 |
_a255 p. : _c24 cm. |
||
| 521 | _aMC | ||
| 650 |
_aCommunication _xSocial Aspects |
||
| 650 |
_aMass media _xSocial aspects |
||
| 942 |
_cBK _2lcc _kFOR |
||
| 999 |
_c20370 _d20370 |
||